000 00279nam a2200121Ia 4500
008 190216s9999||||xx |||||||||||||| ||und||
100 _aPrabhulla Kumar Varma
245 0 _aHindi-Vah Thin Log
260 _bSaindava Books Kollam
300 _a96
650 _aHindi
942 _cBK
999 _c16345
_d16345